000 00344nam a22001217a 4500
999 _c2801
_d2801
005 20200924113207.0
008 200924b ||||| |||| 00| 0 eng d
020 _a27433
040 _cCML
245 _aThe World Book Encyclopedia: Ci-Cz.
260 _aLondon
_bWorld Book, Inc.
_c1990
942 _2ddc
_cBK
_eVolume 4
_h030
_kR
_mWOR